| 000 | 00553nam a2200169 a 4500 | ||
|---|---|---|---|
| 005 | 20140412111307.0 | ||
| 008 | 010430s19uu xx 00 eng d | ||
| 020 | _a0-590-40629-9 | ||
| 050 |
_aTR(PS E _bPe44 1971 |
||
| 100 | _aLittledale, Freya | ||
| 245 |
_aPeter and the North wind / _cretold by Freya Littledale ; illustrated by Troy Howell. |
||
| 260 |
_aNew York : _bScholastic Inc, _c1971. |
||
| 300 | _a32p. ; ill. | ||
| 500 | _aretold from the Norse tale The Lad Who Went to the North Wind | ||
| 650 | _aChildren's stories | ||
| 999 |
_c103739 _d103739 |
||